Statistics for Highest Percent of Population in The Capital - Oceania

Click here to take the quiz!

General Stats

  • This quiz has been taken 15 times
  • The average score is 5 of 5

Answer Stats

#PercentAnswer% Correct
0344.29%Kiribati / South Tarawa
100%
0247.58%Marshall Islands / Majuro
100%
0518.22%Samoa / Apia
92%
0153.45%Tuvalu / Funafuti
92%
0422.50%Tonga / Nuku'alofa
83%

Score Distribution

Percentile by Number Answered

Percent of People with Each Score

Your Score History

You have not taken this quiz